| 000 | 00614nam a22002057a 4500 | ||
|---|---|---|---|
| 003 | OSt | ||
| 005 | 20140310182907.0 | ||
| 008 | 130128t xxu||||| |||| 00| 0 eng d | ||
| 020 | _a9712324648 | ||
| 050 |
_aLB 1051 _b.G492 2005 |
||
| 082 |
_aFIL 370.15 _bEd8 2005 |
||
| 245 |
_aEducational psychology : _ba textbook for college students in psychology and teacher education / _cGines, Adelaida C. .. [et.al.] |
||
| 260 |
_aManila : _bRex Book Store, _c1998 |
||
| 300 |
_a357 p. _b _c22 cm |
||
| 521 | _acollege students | ||
| 526 | _c1210L-1700L | ||
| 541 | _j1 | ||
| 562 | _e1 | ||
| 942 |
_2lcc _cBK _kFIL |
||
| 999 |
_c17177 _d17177 |
||